La nueva imagen de Husserl : lecciones de Guanajuato /

En los ochenta aparecieron diversas interpretaciones sobre Edmund Husserl (1859-1938), fundador de la fenomenología. En este contexto el autor analiza las etapas del pensamiento husserliano, en especial el de 1913 en Friburgo, y la coherencia de su fenomenología. La presente obra procede de un curso...

Ful tanımlama

Kaydedildi:
Detaylı Bibliyografya
Yazar: San Martín Sala, Javier (autor)
Materyal Türü: Kitap
Dil:İspanyolca
Baskı/Yayın Bilgisi: Madrid, España : Trotta, 2015, c2015
Seri Bilgileri:(Estructuras y Procesos. Filosofía)
Konular:
Etiketler: Etiketle
Etiket eklenmemiş, İlk siz ekleyin!

MARC

LEADER 00000nam^a2200000^a^4500
001 000380929
005 20250521000000.0
009 20260310120629.653
020 |a 978-84-9879-591-2 
037 |a Acervo Xavier Clavigero 
041 |a ESP 
082 |a 142. 7  |b HUS EST SAN 
100 |a San Martín Sala, Javier  |e (autor) 
245 1 3 |a La nueva imagen de Husserl :  |b lecciones de Guanajuato /  |c J. San Martín Sala. 
264 4 |a Madrid, España :  |b Trotta,  |c 2015, c2015 
300 |a 204 p. 
336 |a texto  |b txt  |2 rdacontenido 
337 |a sin mediación  |b n  |2 rdamedio 
338 |a volumen  |b nc  |2 rdasoporte 
440 1 |a (Estructuras y Procesos.  |p Filosofía) 
520 |a En los ochenta aparecieron diversas interpretaciones sobre Edmund Husserl (1859-1938), fundador de la fenomenología. En este contexto el autor analiza las etapas del pensamiento husserliano, en especial el de 1913 en Friburgo, y la coherencia de su fenomenología. La presente obra procede de un curso que el autor impartió en Guanajuanto en 2012. 
649 |a XX 
650 |a Filósofos Alemanes 
650 |a Intencionalidad 
650 |a Representación (Filosofía) 
650 |a Fenomenología -  |x Historia y Crítica -  |x Tema Principal 
650 |a Filosofía del Siglo XX -  |x Historia y Crítica 
650 |a Filosofía Alemana -  |x Historia y Crítica 
650 |a Husserl, Edmund -  |x Tema Principal 
910 |a Fondo General 
920 |a Impresos - Libros 
930 |a Colección General 
905 |a 101 
901 |a 0500275722  |b IT1  |c ACC  |i FXC C1410  |u 20250521 
902 |a https://opac.biblio.iteso.mx/vufind/Record/000380929